| 000 | 00501nam a2200181Ia 4500 | ||
|---|---|---|---|
| 005 | 20250326125749.0 | ||
| 008 | 250326s9999 xx 000 0 und d | ||
| 037 | _aTextbook | ||
| 040 |
_aFMSL _beng _cFMSL |
||
| 041 |
_aeng _2eng |
||
| 084 |
_aX:74 N5 _qFMSL |
||
| 100 |
_aBRACKEN _9739646 |
||
| 245 | 0 |
_aTables for use in analyzing business _cBracken; Christenson |
|
| 260 |
_aIllinois _bIllinois, Irwin _c1965 |
||
| 300 | _a289p | ||
| 942 |
_cTB _hX:74 N5 |
||
| 999 |
_c1279460 _d1279460 |
||